Epístolas de S. Pablo Apóstol, parafraseadas, traducidas de la lengua toscana a la castellana por el D. Gabriel Quijano, Presbítero, O. S. B.

Saved in:
Bibliografiske detaljer
Hovedforfatter: Quijano, Gabriel (Author)
Format: Bog
Sprog:spansk
Udgivet: Barcelona Imprenta de Sierra y Martí, Plaza de San Jaime 1806
Udgivelse:4a. ed
Fag:
Tags: Tilføj Tag
Ingen Tags, Vær først til at tagge denne postø!

MARC

LEADER 00000nam a2200000 a 4500
001 UCJ6228
003 CL-VaPUC
008 070124e18060000SP |||||||||||||||||spa|d
082 0 4 |a 227  |b QUI  |2 21 
100 0 |a Quijano, Gabriel  |e author  |9 512613 
245 1 0 |a Epístolas de S. Pablo Apóstol, parafraseadas, traducidas de la lengua toscana a la castellana por el D. Gabriel Quijano, Presbítero, O. S. B. 
250 |a 4a. ed 
300 |a 528 p 
942 |c BK 
945 |d 20070124 00:00:00  |a rinostro 
260 |a Barcelona  |b Imprenta de Sierra y Martí, Plaza de San Jaime   |c 1806 
500 |a 8§.- Front.: Imagen del apóstol San Pablo.- Port.- v.: Advertencia.- Pasta española 
650 0 |a Sagradas escrituras  |9 349657 
650 0 |a Nuevo testamento  |9 257604 
650 0 |a Epístolas  |9 321181 
583 |a last modification  |c 20070124 00:00:00  |k Rodrigo Vera 
999 |c 322336  |d 322334 
952 |0 0  |1 0  |4 0  |6 227_000000000000000_QUI_1806  |7 0  |8 X  |9 401303  |a FDOBUD  |b FDOBUD  |d 2019-11-22  |i 1044931  |o 227 QUI 1806  |p 1044931  |r 2019-11-22  |w 2019-11-22  |y BK_X  |k BUD